• 首页
  • 本馆介绍
  • 公告通知
  • 最新文献
  • 馆藏检索
  • 电子资源
  • 读者导购
  • 参考咨询
  • 我的图书馆
  • 登录
  • 详细信息显示
  • 放入我的书架
  • 预约/预借图书
  • 作者相关作品
  • 分类相关作品
  • 丛书相关作品
  • 出版社相关作品

书目信息

  • 表格格式
  • 工作单格式
  • 卡片格式
题名:
义和团档案史料
    
 
作者: ;故宫博物馆明清档案部 编
分册: 上册  
出版信息: 北京   中华书局  1959.5
页数: 672页
开本: 20cm
丛书名:
单 册:
中图分类: K256.7
科图分类:
主题词: 中国--历史--1840~1949 , 义和团--档案史料
电子资源:
ISBN:
000 00725nam0 2200217 45
001 0312221749
005 20061115142454.62
010    @b精装@dCNY6.10(二册)
100    @a20031222d1959 km y0chiy0120 ea
101    @achi
105    @aa z 000yy
200 1  @a义和团档案史料@e1896~1900年@E1896~1900 Nian@h上册@AYi He Tuan Dang An Shi Liao@f故宫博物馆明清档案部编@FGu Gong Bo Wu Guan Ming Qing Dang An Bu Bian
210    @a北京@c中华书局@d1959.5
215    @a672页@c照片@d20cm
517    @a1896~1900年@A1896~1900 Nian
606 0  @a中国@x历史@z1840~1949
606 0  @a义和团@x档案史料
690    @aK256.7@v3
711 02 @a故宫博物馆明清档案部@4编
801    @aCN@bTSTCL@c20061115
905    @b80071@dK256.7@e5:1@f1
    
    义和团档案史料:1896~1900年.上册/故宫博物馆明清档案部编.-北京:中华书局,1959.5
    672页:照片;20cm
    
    
    ISBN (精装):CNY6.10(二册)
    
●
相关链接 在E读中查询图书 在五车中查询图书 在当当中查询图书 在豆瓣中查询图书


正题名:义和团档案史料     索取号:K256.7/5:1         预约/预借

序号 登录号 条形码 馆藏地/架位号 状态 备注
1 0030797   202084154   第二样本阅览室/ [索取号:K256.7/5:1] 在馆    
2 0080071   001863335   密集书库/ [索取号:K256.7/5:1] 在馆    
唐山师范学院图书馆 欢迎您!
大连网信软件有限公司© 版权所有